000
00230nmm a2200085Ia 4500
008
220120s9999||||xx |||||||||||||||||und||
100
_a
Digit
245
0
_a
Quick heal : Direct X9.0c, Redistrioutable Java 2 Platform M
260
_c
2005
999
_c
138646
_d
138646